Southville International School and Colleges
Your cart is empty.
  • Cart
  • Lists
    Public lists Eva Luna New books Lux_list list_1
    Your lists Log in to create your own lists
  • Log in to your account
  • Your cookies
  • Search history
Southville International School and Colleges
  • Advanced search
  • Recent comments
  • Most popular
  • Libraries

Log in to your account

Log in with GOOGLE


If you do not have an external account, but do have a local account, you can still log in:

  1. Home
  2. MARC view: Evaluation of the awareness level of selected grade 6 Southville International School students on acid rain /
Normal view MARC view ISBD view

Evaluation of the awareness level of selected grade 6 Southville International School students on acid rain / (Record no. 96484)

[ view plain ]
MARC details
000 -LEADER
fixed length control field 00775nam a2200205 a 4500
003 - CONTROL NUMBER IDENTIFIER
control field 0
005 - DATE AND TIME OF LATEST TRANSACTION
control field 20250523150743.0
008 - FIXED-LENGTH DATA ELEMENTS--GENERAL INFORMATION
fixed length control field 021127s19uu xx 00 eng d
050 ## - LIBRARY OF CONGRESS CALL NUMBER
Classification number PGS QC 915.3
Item number .K14 2001
100 ## - MAIN ENTRY--PERSONAL NAME
Personal name Kaliski, Nicklas D.
245 ## - TITLE STATEMENT
Title Evaluation of the awareness level of selected grade 6 Southville International School students on acid rain /
Statement of responsibility, etc Nicklas D. Kaliski.
260 ## - PUBLICATION, DISTRIBUTION, ETC. (IMPRINT)
Place of publication, distribution, etc Las Piñas City, Philippines :
Name of publisher, distributor, etc Southville International School and Colleges,
Date of publication, distribution, etc 2001.
300 ## - PHYSICAL DESCRIPTION
Extent 40 pages :
Other physical details illustrations ;
Dimensions 28 cm.
504 ## - BIBLIOGRAPHY, ETC. NOTE
Bibliography, etc Includes bibliographical references.
650 ## - SUBJECT ADDED ENTRY--TOPICAL TERM
Topical term or geographic name as entry element Acid rain
Form subdivision Awareness.
650 ## - SUBJECT ADDED ENTRY--TOPICAL TERM
Topical term or geographic name as entry element Environmental awareness.
650 ## - SUBJECT ADDED ENTRY--TOPICAL TERM
Topical term or geographic name as entry element Environmental education.
650 ## - SUBJECT ADDED ENTRY--TOPICAL TERM
Topical term or geographic name as entry element Grade 6 students
Form subdivision Attitudes.
942 ## - ADDED ENTRY ELEMENTS (KOHA)
Source of classification or shelving scheme Library of Congress Classification
Koha item type PASS
Holdings
Withdrawn status Lost status Source of classification or shelving scheme Damaged status Home library Current library Shelving location Date acquired Source of acquisition Total Checkouts Full call number Barcode Date last seen Price effective from Koha item type
    Library of Congress Classification   Luxembourg Library Luxembourg Library Portfolio Assessment of SISC Students Section 11/27/2002 Donation   PGS QC 915.3 .K14 2001 P0453 04/08/2014 04/08/2014 PASS

Evaluation of the awareness level of selected grade 6 Southville International School students on acid rain /

APA

Kaliski N. D., . (2001). Evaluation of the awareness level of selected grade 6 Southville International School students on acid rain. Las Piñas City, Philippines: Southville International School and Colleges.

Chicago

Kaliski Nicklas D, . 2001. Evaluation of the awareness level of selected grade 6 Southville International School students on acid rain. Las Piñas City, Philippines: Southville International School and Colleges.

Harvard

Kaliski N. D., . (2001). Evaluation of the awareness level of selected grade 6 Southville International School students on acid rain. Las Piñas City, Philippines: Southville International School and Colleges.

MLA

Kaliski Nicklas D, . Evaluation of the awareness level of selected grade 6 Southville International School students on acid rain. Las Piñas City, Philippines: Southville International School and Colleges. 2001.

  • Print
  • Cite
  • Add to your cart (remove)
  • Save record
    BIBTEX Dublin Core MARCXML MARC (non-Unicode/MARC-8) MARC (Unicode/UTF-8) MARC (Unicode/UTF-8, Standard) MODS (XML) RIS
  • More searches
    Search for this title in:
    Other Libraries (WorldCat) Other Databases (Google Scholar) Online Stores (Bookfinder.com) Open Library (openlibrary.org)

Exporting to Dublin Core...

SOUTHVILLE LIBRARY

Southville International School and Colleges Library

1281 Tropical Ave. Cor. Luxembourg St., BF Homes International, Las Pinas City

Tel. No. 8256374 / 252358 Loc. 117/146

Powered by Koha